|
|
|
|
| LEADER |
00000nam0a2200000 4500 |
| 001 |
2954 |
| 005 |
20231030174227.0 |
| 010 |
|
|
|a 5893500172
|
| 035 |
|
|
|a (RuTPU)RU\TPU\book\2968
|
| 035 |
|
|
|a BOOK00002976
|
| 090 |
|
|
|a 2954
|
| 100 |
|
|
|a 20011209d1996 km y0rusy50 ca
|
| 101 |
1 |
|
|a rus
|c eng
|
| 102 |
|
|
|a RU
|
| 105 |
|
|
|a a g 000zy
|
| 200 |
1 |
|
|a Java
|e справочное руководство
|e пер. с англ.
|f П. Нотон
|g под ред. А. Тихонова; пер. В. Г. Ольшевский
|
| 210 |
|
|
|a Москва
|c Бином
|d 1996
|
| 215 |
|
|
|a 448 с.
|c ил.
|
| 225 |
1 |
|
|a Computer club
|
| 610 |
1 |
|
|a программирование
|
| 610 |
1 |
|
|a языки программирования
|
| 610 |
1 |
|
|a Java
|
| 610 |
1 |
|
|a справочники
|
| 675 |
|
|
|a 681.3.06(03)
|v 3
|
| 700 |
|
1 |
|a Нотон
|b П.
|g Патрик
|
| 702 |
|
1 |
|a Тихонов
|b А.
|4 340
|
| 702 |
|
1 |
|a Ольшевский
|b В. Г.
|4 730
|
| 801 |
|
0 |
|a RU
|b 63413507
|c 20011209
|g PSBO
|
| 801 |
|
2 |
|a RU
|b 63413507
|c 20070111
|g PSBO
|
| 900 |
|
|
|a Платформенно-независимые технологии программирования
|
| 942 |
|
|
|c BK
|